The Tula prospect, Lafayette County, Mississippi (Record no. 29703)
[ view plain ]
| 000 -LEADER | |
|---|---|
| fixed length control field | 01196cam a22003011 4500 |
| 001 - CONTROL NUMBER | |
| control field | gs 63000196 |
| 003 - CONTROL NUMBER IDENTIFIER | |
| control field | DLC |
| 005 - DATE AND TIME OF LATEST TRANSACTION | |
| control field | 20260227111412.0 |
| 008 - FIXED-LENGTH DATA ELEMENTS--GENERAL INFORMATION | |
| fixed length control field | 781122s1962 msuab s000 0 eng |
| 010 ## - LIBRARY OF CONGRESS CONTROL NUMBER | |
| LC control number | gs 63000196 |
| 035 ## - SYSTEM CONTROL NUMBER | |
| System control number | (OCoLC)4393644 |
| 040 ## - CATALOGING SOURCE | |
| Original cataloging agency | DLC |
| Transcribing agency | MsSM |
| Modifying agency | DLC |
| 042 ## - AUTHENTICATION CODE | |
| Authentication code | premarc |
| 050 00 - LIBRARY OF CONGRESS CALL NUMBER | |
| Classification number | QE129 |
| Item number | .A2 no. 96 |
| 051 ## - LIBRARY OF CONGRESS COPY, ISSUE, OFFPRINT STATEMENT | |
| Classification number | TN872.M7 |
| Item number | M3 |
| Copy information | Copy 2. |
| 100 1# - MAIN ENTRY--PERSONAL NAME | |
| Personal name | Mellen, Frederic Francis, |
| Dates associated with a name | 1911- |
| 245 14 - TITLE STATEMENT | |
| Title | The Tula prospect, Lafayette County, Mississippi |
| Statement of responsibility, etc. | [by] Frederic Francis Mellen [and] William Halsell Moore. |
| 260 ## - PUBLICATION, DISTRIBUTION, ETC. | |
| Place of publication, distribution, etc. | Jackson, |
| Name of publisher, distributor, etc. | Mississippi Geological Economic and Topographical Survey |
| Date of publication, distribution, etc. | 1962. |
| 300 ## - PHYSICAL DESCRIPTION | |
| Extent | 29 p. |
| Other physical details | illus., maps, diagrs. |
| Dimensions | 23 cm. |
| 490 1# - SERIES STATEMENT | |
| Series statement | Mississippi. Geological, Economic and Topographical Survey. Bulletin, |
| Volume/sequential designation | 96 |
| 500 ## - GENERAL NOTE | |
| General note | Part of illustrative matter fold. in pocket. |
| 504 ## - BIBLIOGRAPHY, ETC. NOTE | |
| Bibliography, etc. note | Bibliography: p. 29. |
| 650 #0 - SUBJECT ADDED ENTRY--TOPICAL TERM | |
| Topical term or geographic name entry element | Geology |
| Geographic subdivision | Mississippi |
| -- | Lafayette County. |
| 650 #0 - SUBJECT ADDED ENTRY--TOPICAL TERM | |
| Topical term or geographic name entry element | Petroleum |
| Geographic subdivision | Mississippi |
| -- | Lafayette County. |
| 650 #0 - SUBJECT ADDED ENTRY--TOPICAL TERM | |
| Topical term or geographic name entry element | Natural gas |
| Geographic subdivision | Mississippi |
| -- | Lafayette County. |
| 700 1# - ADDED ENTRY--PERSONAL NAME | |
| Personal name | Moore, William Halsell, |
| Relator term | joint author. |
| 810 2# - SERIES ADDED ENTRY--CORPORATE NAME | |
| Corporate name or jurisdiction name as entry element | Mississippi Geological, Economic, and Topographical Survey. |
| Title of a work | Bulletin ; |
| Volume/sequential designation | no. 96. |
No items available.